L'erotismo /

Gespeichert in:
Bibliographische Detailangaben
1. Verfasser: Lindmann, Edward
Weitere Verfasser: Bianchi, Alfio
Format: Buch
Sprache:Englisch
Veröffentlicht: Milano G. Zibetti c1963
Schriftenreihe:Eros 7
Tags: Tag hinzufügen
Keine Tags, Fügen Sie das erste Tag hinzu!

MARC

LEADER 00000nam a2200000 4500
001 CDOM0000002027
003 mi
005 20251001103802.0
008 251001b |||||||| |||| 00| 0 eng d
040 |c mi 
100 |a Lindmann, Edward 
245 1 |a L'erotismo /  |c Edward Lindmann ; trad. di Alfio Bianchi 
260 |a Milano  |b G. Zibetti  |c c1963 
300 |a 161 p.  |c 20 cm. 
490 |a Eros  |v 7 
500 |a Si ripetono nel testo le p. 113-120. 
700 |a Bianchi, Alfio 
942 |2 ddc  |c BK 
952 |0 0  |1 0  |2 ddc  |4 0  |6 B_SSR03LINEDERO11  |7 0  |9 8532  |a MI  |b MI  |d 2006-01-28  |i 1457  |l 0  |o B-SSR03-LINED-ERO11  |p CDOM1457  |r 2025-07-17 21:50:00  |w 2025-07-17  |x OLIVARI  |y BK 
999 |c 7109  |d 7109